Central Library OPAC University of Rajshahi

Pascal's apology for religion : (Record no. 31603)

MARC details
000 -LEADER
fixed length control field 00667nam a22002177a 4500
001 - CONTROL NUMBER
control field 31603
003 - CONTROL NUMBER IDENTIFIER
rucl marc code BD-RjUL
005 - DATE AND TIME OF LATEST TRANSACTION
control field 20211209051726.0
008 - FIXED-LENGTH DATA ELEMENTS--GENERAL INFORMATION
fixed length control field 140421s1948 enk||||| |||| 00| 0 eng d
035 ## - SYSTEM CONTROL NUMBER
System control number (BD-RjUL)31691
040 ## - CATALOGING SOURCE
Original cataloging agency BD-RjUL
Language of cataloging eng
Transcribing agency BD-RjUL
Modifying agency BD-RjUL
041 ## - LANGUAGE CODE
Language code of text/sound track or separate title eng
082 ## - DEWEY DECIMAL CLASSIFICATION NUMBER
Classification number 239.1
Author mark and year PAP 1948
100 1# - MAIN ENTRY--PERSONAL NAME
Personal name Pascal, Blaise
9 (RLIN) 94411
245 10 - TITLE STATEMENT
Title Pascal's apology for religion :
Remainder of title extracted from the Pensées /
Statement of responsibility, etc. by Blaise Pascal ; H F Stewart
260 ## - PUBLICATION, DISTRIBUTION, ETC. (IMPRINT)
Place of publication, distribution, etc. Cambridge :
Name of publisher, distributor, etc. University press,
Date of publication, distribution, etc. 1948
300 ## - PHYSICAL DESCRIPTION
Pagination xxiv, 231p. ;
Size 18cm.
650 #0 - SUBJECT ADDED ENTRY--TOPICAL TERM
Topical term or geographic name as entry element Apologetics -- Early works to 1800.
9 (RLIN) 96184
700 1# - ADDED ENTRY--PERSONAL NAME
Personal name Stewart, H F
942 ## - ADDED ENTRY ELEMENTS (KOHA)
Source of classification or shelving scheme Dewey Decimal Classification
Koha item type Books
Holdings
Lost status Source of classification or shelving scheme Damaged status Not for loan Collection code Permanent Location Current Location Shelving location Date acquired Source of acquisition Cost, normal purchase price Total Checkouts Full call number Date last seen Copy number Koha item type
  Dewey Decimal Classification   Not For Loan Non-fiction Central Library, University of Rajshahi Central Library, University of Rajshahi Rare Book Section 09/06/1955 Allies Books Cor. 7.00   239.1 PAP 1948 21/04/2014 C-1 Books